000 02851cam a2200433 4500500
005 20260208001844.0
041 _afre
042 _adc
100 1 0 _aSohnle, Jochen
_eauthor
245 0 0 _aLe droit international de l’environnement : 2010-2014 et le syndrome de la toile de Pénélope (1re partie)
260 _c2015.
500 _a13
520 _aLa présente chronique de droit international de l’environnement aborde dans un premier temps les problématiques sectorielles à savoir l’eau, le milieu marin, l’air et le climat, le sol ainsi que la biodiversité. Elle s’intéresse dans un second temps à la protection de l’environnement dépassant les réglementations sectorielles en abordant les thématiques suivantes : protection de l’environnement dans son ensemble, protection transversale, environnement et commerce, environnement et conflits armés, régimes territoriaux de protection et individualisation (droits à l’environnement, responsabilité civile). Les sources prises en compte sont les traités, les instruments non obligatoires ainsi que les décisions de justice les plus marquantes.
520 _aInternational Environmental law : 2010-2014 and Penelope’s web syndromThe present column covers the developments in the field of International Environmental Law over the last five years. First, it deals with sectorial issues such as protection of water, marine environment, air and climate, soil and biodiversity. Secondly it considers environmental protection as a whole, transsectorial protection, environment and trade, environment and armed conflicts, territorial protection regimes (such as mountain areas) and individualization of international environmental law (rights to a healthy environment ; liability regimes). The legal sources taken into account are significant treaties, soft law instruments and judicial decisions.
690 _aatmosphère
690 _abiodiversité
690 _aclimat
690 _aco
690 _adroit international de l’environnement
690 _ajurisprudence internationale
690 _amilieu marin
690 _aressources en eau douce
690 _asol
690 _asubstances dangereuses
690 _atraités environnementaux
690 _aatmosphere
690 _abiodiversity
690 _aclimate
690 _aenvironmental treaties
690 _afresh water resources
690 _ahazardous substances
690 _ainternational
690 _ainternational environmental law
690 _ainternational justice
690 _amarine environment
690 _asoil
786 0 _nRevue juridique de l’environnement | Volume 40 | 1 | 2015-03-10 | p. 100-114 | 0397-0299
856 4 1 _uhttps://droit.cairn.info/revue-juridique-de-l-environnement-2015-1-page-100?lang=fr&redirect-ssocas=7080
999 _c1645526
_d1645526